[Event "Aragon-ch Seniors"]
[Site "Spain"]
[Date "2005.??.??"]
[Round "7"]
[White "Otal Bornau, Jose Miguel"]
[Black "Gil, Gonzalo"]
[Result "1/2-1/2"]
[WhiteElo "1500"]
[BlackElo "1743"]
[PlyCount "78"]
[EventDate "2005.??.??"]
[EventType "swiss"]
[EventRounds "9"]
[EventCountry "ESP"]
[SourceTitle "EXT 2007"]
[Source "ChessBase"]
[SourceDate "2006.11.23"]
[SourceVersion "1"]
[SourceVersionDate "2006.11.23"]
[SourceQuality "1"]

1. c4 c5 2. Nc3 Nc6 3. Nf3 Nf6 4. g3 d6 5. d4 cxd4 6. Nxd4 e5 7. Nxc6 bxc6 8. Bg2 Qc7 9. 0-0 Rb8 10. b3 h6 11. Be3 Be7 12. f4 0-0 13. fxe5 dxe5 14. Rc1 Ng4 15. Rf3 Nxe3 16. Rxe3 Bc5 17. Qd3 Rd8 18. Qe4 Bxe3+ 19. Qxe3 Qb6 20. c5 Qc7 21. Ne4 Be6 22. Nc3 Rd4 23. Ne4 Bd5 24. Nd6 Bxg2 25. Kxg2 f6 26. Rc2 Qa5 27. Nf5 Rd7 28. Nd6 Qc7 29. Qd3 Rbd8 30. Rd2 Qa5 31. Qc4+ Kf8 32. b4 Qc7 33. Rd3 Rxd6 34. cxd6 Rxd6 35. Qc5 Ke7 36. Kf3 Ke6 37. Qc4+ Ke7 38. Qc5 Ke6 39. Qc4+ Ke7 1/2-1/2